LEADER 01333nam a2200253 4500 001 000000352467 003 CaOOAMICUS 005 20221212110748.0 008 221212s2015 it a 000 u ita r 040 $aSeMil$bita 100 1 $aDe Vecchi, Laura.$0(OLS)http://semarc/name/116904 245 12$aI tesori della Cattedrale di Bergamo :$bstoria di una chiesa nel cuore religioso della città /$c[testi Laura De Vecchi ; fotografie Marco Mazzoleni ; illustrazioni Damiano Nembrini]. 264 1$aCinisello Balsamo :$bSilvana Editoriale,$c2015. 300 $a141 p. :$bill. ;$c17 x 17 cm +$e1 DVD 500 $aTit. del DVD : Tesori sepolti : storia di un cantiere lungo 1500 anni 650 4$aBergamo - Chiese - Sant'Alessandro della Croce.$0(OLS)http://semarc/subject/6670 700 1 $aNembrini, Damiano.$0(OLS)http://semarc/name/116905 700 1 $aMazzoleni, Marco.$0(OLS)http://semarc/name/66378 850 $aSeMil 852 $aSeMil$W1$xVenegono$y1$m5K I 39$j237449$B243648$CSeMilBibl$Z2$F243648 $81 961 $aColombo don Mattia - omaggio 996 $6245$aI tesori della Cattedrale di Bergamo :$bstoria di una chiesa nel cuore religioso della città$9(OLS)http://semarc/title/442295 996 $6264$aCinisello Balsamo :$bSilvana Editoriale$9(OLS)http://semarc/publisher/34608 LEADER 01994nam a2200373 i 4500 001 000000077455 003 CaOOAMICUS 005 20010606000000.0 008 010606s2000 be u000 u fre u 013 $a48627 020 $a90-5867-067-8 020 $a90-429-0919-6 040 $aSeMil$bita 100 1 $aVermeylen, Jacques <1942-2014>.$0(OLS)http://semarc/name/7493 245 13$aLa loi du plus fort :$bhistoire de la rédaction des récits davidiques de 1 Samuel 8 à 1 Rois 2 /$cpar J. Vermeylen. 260 $aLeuven [etc] :$bUitgeverij Peeters,$c2000. 260 $aLeuven :$bUniversity Press,$c2000. 300 $aXIII, 746,8 p. ;$c25 cm. 490 0 $aBibliotheca Ephemeridum Theologicarum Lovaniensium ;$v154. 500 $aContiene : Bibliographie ; Index des citations bibliques. 600 04$aDavid .$0(OLS)http://semarc/subject/15813 650 4$aBibbia - Monarchia.$0(OLS)http://semarc/subject/8450 650 4$aBibbia. Antico Testamento. 1 Re - Commentari, studi, critica, interpretazioni.$0(OLS)http://semarc/subject/25682 650 4$aBibbia. Antico Testamento. 2 Samuele.$0(OLS)http://semarc/subject/9066 650 4$aBibbia. Antico Testamento. 1 Samuele - Commentari, studi, critica, interpretazioni.$0(OLS)http://semarc/subject/7202 830 0$aBibliotheca Ephemeridum Theologicarum Lovaniensium ;$v154.$0(OLS)http://semarc/title/108 850 $aSeMil 852 $aSeMil$W1$xVenegono$y1$m2IA A 154$j43607$B43607$CSeMilBibl$Z2$F43001 $81 961 $aSottoscrizione: Glossa 996 $6020$a90-5867-067-8$9(OLS)http://semarc/number/59147 996 $6020$a90-429-0919-6$9(OLS)http://semarc/number/59148 996 $6245$aLa loi du plus fort :$bhistoire de la rédaction des récits davidiques de 1 Samuel 8 à 1 Rois 2$9(OLS)http://semarc/title/125785 996 $6260$aLeuven :$bUniversity Press$9(OLS)http://semarc/publisher/30124 996 $6260$aLeuven [etc] :$bUitgeverij Peeters$9(OLS)http://semarc/publisher/33422